| 000 | 00818nam a22002057a 4500 | ||
|---|---|---|---|
| 999 |
_c10333 _d10333 |
||
| 003 | AR-CdUCM | ||
| 008 | 190329b ||||| |||| 00| 0 spa d | ||
| 040 |
_aMUNICIPALIDAD PROVINCIAL DEL CUSCO _cBIBLIOTECA MUNICIPAL DEL CUSCO |
||
| 082 |
_22 ed. _a344.985 / _bS39 / 1907 |
||
| 100 |
_aSeoane,Guillermo A. _927133 |
||
| 245 |
_aCódigos penal y de enjuiciamiento : _bEn materia penal / |
||
| 260 |
_aLima : _bRosay, _c1907. |
||
| 300 |
_a395 paginas ; _c22 cm. |
||
| 505 | _aContenido : De la jurisdicciones de los jueces y otras personas que intervienen en los juicios -- De las acusaciones y denuncias -- De las diligencias del juicio criminal -- De la sustanciación de los juicios ... | ||
| 650 |
_aJuicios _97111 |
||
| 650 |
_aDerecho _9739 |
||
| 650 |
_aPenal _925590 |
||
| 942 |
_2ddc _cLIBROS |
||
| 945 | _arah | ||